[Event "WTCC-50 2018"]
[Site "Radebeul"]
[Date "2018.07.10"]
[Round "4"]
[White "Tischbierek, Raj"]
[Black "Meister, Jakob"]
[Result "0-1"]
[WhiteElo "2436"]
[BlackElo "2432"]
[Annotator "ChessBase"]
[PlyCount "106"]
[EventDate "2018.07.07"]
[EventType "team-tourn"]
[EventCountry "GER"]
[SourceTitle "playchess.com"]
[Source "ChessBase"]
[SourceQuality "1"]
[TimeControl "40/5400+30:1800+30"]

1. e4 {[%emt 0:00:00]} c5 {[%emt 0:00:00]} 2. Nf3 {[%emt 0:00:00]} e6 {[%emt 0:00:00]} 3. d4 {[%emt 0:00:00]} cxd4 {[%emt 0:00:00]} 4. Nxd4 {[%emt 0:00:00]} Nf6 {[%emt 0:00:00]} 5. Nc3 {[%emt 0:00:04]} Nc6 {[%emt 0:02:37]} 6. Nxc6 {[%emt 0:00:20]} bxc6 {[%emt 0:00:03]} 7. e5 {[%emt 0:00:05]} Nd5 {[%emt 0:00:08]} 8. Ne4 {[%emt 0:00:03]} Qa5+ {[%emt 0:00:09]} 9. c3 {[%emt 0:15:26]} f5 {[%emt 0:00:27]} 10. Nd2 {[%emt 0:11:22]} Ba6 {[%emt 0:05:27]} 11. Bxa6 {[%emt 0:07:54]} Qxa6 {[%emt 0:00:43]} 12. c4 {[%emt 0:03:22]} Nb6 {[%emt 0:04:14]} 13. b3 {[%emt 0:14:35]} Bb4 {[%emt 0:00:53]} 14. Bb2 {[%emt 0:02:04]} Qa5 {[%emt 0:00:16]} 15. a3 {[%emt 0:03:46]} Bc3 {[%emt 0:05:05]} 16. Bxc3 {[%emt 0:04:51]} Qxc3 {[%emt 0:00:55]} 17. f4 {[%emt 0:02:14]} Qe3+ {[%emt 0:00:44]} 18. Qe2 {[%emt 0:00:08]} Qxf4 {[%emt 0:00:32]} 19. Nf3 {[%emt 0:00:11]} Qe4 {[%emt 0:04:54]} 20. a4 {[%emt 0:10:31]} Qxe2+ {[%emt 0:02:42]} 21. Kxe2 {[%emt 0:00:02]} a5 {[%emt 0:01:19]} 22. Kd3 {[%emt 0:02:59]} c5 {[%emt 0:03:54]} 23. Kc3 {[%emt 0:00:14]} Nc8 {[%emt 0:00:03]} 24. Rad1 {[%emt 0:04:42]} Ne7 {[%emt 0:00:42]} 25. Rd6 {[%emt 0:00:34]} Nc6 {[%emt 0:00:21]} 26. Rhd1 {[%emt 0:01:30]} Ra7 {[%emt 0:00:11]} 27. Rxc6 {[%emt 0:03:33]} dxc6 {[%emt 0:00:02]} 28. Rd6 {[%emt 0:00:12]} O-O {[%emt 0:07:01]} 29. Rxc6 {[%emt 0:01:06]} h6 {[%emt 0:01:43]} 30. h4 {[%emt 0:00:40]} g5 {[%emt 0:05:18]} 31. hxg5 {[%emt 0:03:48]} hxg5 {[%emt 0:01:11]} 32. Nxg5 {[%emt 0:00:42]} Rg7 {[%emt 0:01:35]} 33. Nxe6 {[%emt 0:00:29]} Rg3+ {[%emt 0:00:29]} 34. Kd2 {[%emt 0:00:52]} Re8 {[%emt 0:00:39]} 35. Ke2 {[%emt 0:06:40]} Rxb3 {[%emt 0:02:20]} 36. Nxc5 {[%emt 0:01:13]} Rxe5+ {[%emt 0:00:47]} 37. Kf2 {[%emt 0:00:03]} Ra3 {[%emt 0:00:46]} 38. Nd7 {[%emt 0:01:04]} Ra2+ {[%emt 0:03:02]} 39. Kf3 {[%emt 0:00:24]} Re1 {[%emt 0:00:03]} 40. Kf4 {[%emt 0:01:28]} Rxg2 {[%emt 0:03:11]} 41. Kxf5 {[%emt 0:07:36]} Rf2+ {[%emt 0:02:31]} 42. Kg4 {[%emt 0:00:12]} Rg1+ {[%emt 0:00:38]} 43. Kh3 {[%emt 0:00:12]} Kg7 {[%emt 0:00:57]} 44. Rc5 {[%emt 0:04:24]} Rf7 {[%emt 0:07:21]} 45. Kh2 {[%emt 0:07:25]} Re1 {[%emt 0:12:14]} 46. Rg5+ {[%emt 0:02:06]} Kh6 {[%emt 0:01:07]} 47. Rd5 {[%emt 0:00:13]} Re2+ {[%emt 0:02:27]} 48. Kg3 {[%emt 0:00:22]} Re3+ {[%emt 0:00:04]} 49. Kg2 {[%emt 0:00:24]} Ra3 {[%emt 0:03:56]} 50. Nb6 {[%emt 0:00:47]} Rf6 {[%emt 0:08:18]} 51. c5 {[%emt 0:00:56]} Rc3 {[%emt 0:01:45]} 52. Nd7 {[%emt 0:01:35]} Rf4 {[%emt 0:01:05]} 53. Rd6+ {[%emt 0:07:29]} Kg7 {[%emt 0:01:38]} 0-1

[Event "WTCC-50 2018"]
[Site "Radebeul"]
[Date "2018.07.10"]
[Round "4"]
[White "Leow, Leslie M"]
[Black "Penzold, Andreas"]
[Result "1/2-1/2"]
[WhiteElo "2419"]
[BlackElo "2389"]
[Annotator "TA"]
[PlyCount "105"]
[EventDate "2018.07.07"]
[EventType "team-tourn"]
[EventCountry "GER"]
[SourceTitle "playchess.com"]
[Source "ChessBase"]
[SourceQuality "1"]

{[%evp 14,105,34,45,51,51,51,40,51,13,13,13,13,16,20,14,22,13,47,46,63,29,25,25,25,26,50,35,43,-6,-8,-4,-17,-11,-12,-23,-28,-43,-10,-21,0,0,0,0,0,0,0,0,0,-51,-56,-50,-62,-31,-23,-27,-52,-85,22,61,0,0,0,0,0,0,0,0,0,0,0,0,0,0,0,0,0,0,0,0,0,0,0,0,0,0,0,0,0,0,0,0,0,0]} 1. e4 {[%cal Be2e4,Be4e5][%mdl 32]} Nf6 2. e5 Nd5 3. d4 d6 4. c4 Nb6 5. exd6 exd6 6. h3 Be7 {B03: Alekhine's Defence: Four Pawns Attack} 7. Nf3 Bf5 (7... O-O 8. Bd3 Bf6 9. O-O Nc6 10. Nc3 Re8 11. Bc2 a5 12. Bf4 g6 13. c5 Nc4 14. Nd5 Nxb2 15. Qd2 Be6 16. Nxf6+ Qxf6 17. Bg5 Qg7 18. cxd6 Nc4 {½-½ (54) Frolyanov,D (2566)-Kobalia,M (2623) Kaliningrad 2015}) 8. Bd3 {LiveBook: 10 Games} Qd7 {White is slightly better.} 9. O-O O-O 10. Nc3 Nc6 11. d5 Nb4 12. Bxf5 Qxf5 13. Nd4 Qg6 14. b3 $146 ({Predecessor:} 14. f4 Nxc4 15. Qb3 c5 16. Qxc4 cxd4 {0-1 (39) Bernasek,J (2130)-Kopal,J (2135) Czechia 1999}) 14... Bf6 15. Be3 a6 16. Qd2 Nd3 17. f4 {[#] Hoping for f5.} Nc5 $1 18. f5 Qh5 $1 19. Kh2 Be5+ 20. Bf4 Qh6 21. Kg1 (21. g3 {seems wilder.} Bxf4 22. Rxf4 Qf6 23. a4 a5 24. Re1) 21... Bxf4 $1 22. Qxf4 Qxf4 23. Rxf4 Rfe8 24. Kf1 Nbd7 25. Rf2 Nf6 (25... Re3 $5 {[%cal Re3c3]} 26. Rf3 Rae8 $11) 26. Re2 Nfe4 27. Nxe4 Nxe4 28. Re3 Re5 29. Rae1 Rae8 30. g4 h5 (30... Kf8 {feels hotter.} 31. R1e2 h6 32. Ke1 h5 33. gxh5 Ng5) 31. Kg2 (31. Nc2 $11) 31... hxg4 $15 32. hxg4 {[#] aiming for Nf3.} Nf6 33. Rxe5 Rxe5 34. Rxe5 dxe5 {[%mdl 4096] Endgame KN-KN} 35. g5 Nh7 ({Don't play} 35... exd4 $6 36. gxf6 b6 37. b4 $16) (35... Nxd5 $17 36. Nf3 Ne3+ 37. Kf2 Nxf5 38. Nxe5 Nd4) 36. Nf3 $11 e4 37. Nd2 {The position is equal.} Nxg5 38. Kf2 Kf8 39. Ke3 Ke7 40. Nxe4 Nxe4 41. Kxe4 {KP-KP} b6 42. Ke5 a5 43. f6+ gxf6+ 44. Kf5 a4 45. bxa4 Kd6 {Threatens to win with ...Kc5.} 46. Kxf6 c6 $1 47. Kxf7 (47. a5 {is more complex.} bxa5 48. dxc6 Kxc6 49. Kxf7) 47... cxd5 48. cxd5 Kxd5 {KPP-KP} 49. Ke7 Kc4 50. Kd6 Kb4 51. Kc6 Kxa4 52. Kxb6 Ka3 53. Ka5 {Precision: White = 61%, Black = 75%.} 1/2-1/2

[Event "WTCC-50 2018"]
[Site "Radebeul"]
[Date "2018.07.10"]
[Round "4"]
[White "Arkell, Keith C"]
[Black "Kudrin, Sergey"]
[Result "1/2-1/2"]
[WhiteElo "2406"]
[BlackElo "2468"]
[Annotator "ChessBase"]
[PlyCount "29"]
[EventDate "2018.07.07"]
[EventType "team-tourn"]
[EventCountry "GER"]
[SourceTitle "playchess.com"]
[Source "ChessBase"]
[SourceQuality "1"]
[TimeControl "40/5400+30:1800+30"]

1. d4 {[%emt 0:00:00]} Nf6 {[%emt 0:00:00]} 2. Nf3 {[%emt 0:00:00]} g6 {[%emt 0:00:00]} 3. c4 {[%emt 0:00:09]} Bg7 {[%emt 0:00:00]} 4. Nc3 {[%emt 0:00:05]} d5 {[%emt 0:00:06]} 5. cxd5 {[%emt 0:00:06]} Nxd5 {[%emt 0:00:09]} 6. g3 {[%emt 0:00:07]} Nb6 {[%emt 0:00:35]} 7. Bg2 {[%emt 0:00:06]} Nc6 {[%emt 0:00:09]} 8. e3 {[%emt 0:00:06]} O-O {[%emt 0:00:09]} 9. O-O {[%emt 0:00:04]} Re8 {[%emt 0:00:14]} 10. b3 {[%emt 0:00:12]} e5 {[%emt 0:00:21]} 11. Nxe5 {[%emt 0:00:07]} Nxe5 {[%emt 0:00:10]} 12. dxe5 {[%emt 0:00:06]} Qxd1 {[%emt 0:01:05]} 13. Rxd1 {[%emt 0:00:06]} Bxe5 {[%emt 0:00:09]} 14. Bb2 {[%emt 0:00:05]} c6 {[%emt 0:00:11]} 15. Rd2 {[%emt 0:00:58]} 1/2-1/2

[Event "WTCC-50 2018"]
[Site "Radebeul"]
[Date "2018.07.10"]
[Round "4"]
[White "Schulz, Klaus-Juergen"]
[Black "Paehtz, Thomas"]
[Result "1/2-1/2"]
[WhiteElo "2324"]
[BlackElo "2347"]
[Annotator "NA"]
[PlyCount "22"]
[EventDate "2018.07.07"]
[EventType "team-tourn"]
[EventCountry "GER"]
[SourceTitle "playchess.com"]
[Source "ChessBase"]
[SourceQuality "1"]
[TimeControl "40/5400+30:1800+30"]

1. d4 {[%emt 0:01:50]} Nf6 {[%emt 0:00:00]} 2. Nf3 {[%emt 0:00:27]} c5 {[%emt 0:00:12]} 3. e3 {[%emt 0:07:38]} g6 {[%emt 0:01:14]} 4. c4 {[%emt 0:03:11]} cxd4 {[%emt 0:00:16]} 5. exd4 {[%emt 0:00:53]} d5 {[%emt 0:00:09]} 6. cxd5 {[%emt 0:05:11]} Bg7 {[%emt 0:08:46]} 7. Bb5+ {[%emt 0:01:34]} Nbd7 {[%emt 0:05:52]} 8. d6 {[%emt 0:04:39]} exd6 {[%emt 0:08:29]} 9. Qe2+ {[%emt 0:00:36]} Qe7 {[%emt 0:04:05]} 10. Bf4 {[%emt 0:00:28]} Qxe2+ {[%emt 0:01:06]} 11. Bxe2 {[%emt 0:17:42]} d5 {[%emt 0:03:14]} 1/2-1/2

[Event "WTCC-50 2018"]
[Site "Radebeul"]
[Date "2018.07.10"]
[Round "4"]
[White "Lewis, Andrew P"]
[Black "Preuss, Heiko"]
[Result "1-0"]
[WhiteElo "2298"]
[BlackElo "2235"]
[Annotator "NA"]
[PlyCount "39"]
[EventDate "2018.07.07"]
[EventType "team-tourn"]
[EventCountry "GER"]
[SourceTitle "playchess.com"]
[Source "ChessBase"]
[SourceQuality "1"]
[TimeControl "40/5400+30:1800+30"]

1. c4 {[%emt 0:00:00]} e5 {[%emt 0:00:23]} 2. Nc3 {[%emt 0:00:00]} g6 {[%emt 0:01:11]} 3. d4 {[%emt 0:06:36]} Bg7 {[%emt 0:02:08]} 4. dxe5 {[%emt 0:01:14]} Bxe5 {[%emt 0:00:55]} 5. Nf3 {[%emt 0:00:26]} Bg7 {[%emt 0:00:53]} 6. Bg5 {[%emt 0:09:52]} f6 {[%emt 0:00:33]} 7. Bh4 {[%emt 0:03:01]} d6 {[%emt 0:02:19]} 8. e4 {[%emt 0:01:01]} Ne7 {[%emt 0:04:22]} 9. c5 {[%emt 0:12:53]} dxc5 {[%emt 0:05:01]} 10. Qxd8+ {[%emt 0:01:43]} Kxd8 {[%emt 0:00:05]} 11. e5 {[%emt 0:00:11]} g5 {[%emt 0:11:47]} 12. exf6 {[%emt 0:07:48]} Bxf6 {[%emt 0:00:06]} 13. Bxg5 {[%emt 0:00:11]} Nd7 {[%emt 0:04:46]} 14. O-O-O {[%emt 0:05:30]} Rf8 {[%emt 0:02:43]} 15. Ne4 {[%emt 0:05:15]} Ke8 {[%emt 0:01:47]} 16. Bb5 {[%emt 0:08:34]} c6 {[%emt 0:11:49]} 17. Bc4 {[%emt 0:05:30]} Bxg5+ {[%emt 0:05:29]} 18. Nfxg5 {[%emt 0:00:09]} Ne5 {[%emt 0:01:16]} 19. Nd6+ {[%emt 0:02:02]} Kd8 {[%emt 0:01:34]} 20. Ndf7+ {[%emt 0:00:29]} 1-0

[Event "WTCC-50 2018"]
[Site "Radebeul"]
[Date "2018.07.10"]
[Round "4"]
[White "Brueggemann, Joachim"]
[Black "Wolf, Volker"]
[Result "1-0"]
[WhiteElo "2293"]
[BlackElo "2323"]
[Annotator "NA"]
[PlyCount "73"]
[EventDate "2018.07.07"]
[EventType "team-tourn"]
[EventCountry "GER"]
[SourceTitle "playchess.com"]
[Source "ChessBase"]
[SourceQuality "1"]
[TimeControl "40/5400+30:1800+30"]

1. e4 d6 {[%emt 0:00:00]} 2. d4 {[%emt 0:00:00]} Nf6 {[%emt 0:00:00]} 3. Nc3 {[%emt 0:00:00]} e5 {[%emt 0:00:13]} 4. Nf3 {[%emt 0:00:00]} Nbd7 {[%emt 0:00:09]} 5. Bc4 {[%emt 0:00:12]} Be7 {[%emt 0:00:10]} 6. O-O {[%emt 0:00:19]} O-O {[%emt 0:00:09]} 7. Re1 {[%emt 0:00:56]} a6 {[%emt 0:04:30]} 8. a4 {[%emt 0:00:05]} h6 {[%emt 0:00:26]} 9. Ba2 {[%emt 0:02:34]} b6 {[%emt 0:03:50]} 10. h3 {[%emt 0:07:59]} Bb7 {[%emt 0:01:30]} 11. d5 {[%emt 0:03:44]} Nh7 {[%emt 0:06:23]} 12. Ne2 {[%emt 0:01:04]} Nc5 {[%emt 0:02:18]} 13. Nc3 {[%emt 0:06:04]} a5 {[%emt 0:02:09]} 14. Bc4 {[%emt 0:01:51]} Kh8 {[%emt 0:06:23]} 15. Be3 {[%emt 0:01:41]} Bc8 {[%emt 0:02:18]} 16. Bd3 {[%emt 0:08:28]} Bd7 {[%emt 0:15:49]} 17. Ra3 {[%emt 0:04:49]} Nxd3 {[%emt 0:08:50]} 18. Qxd3 {[%emt 0:05:14]} f5 {[%emt 0:00:15]} 19. exf5 {[%emt 0:00:15]} Bxf5 {[%emt 0:00:10]} 20. Qe2 {[%emt 0:00:53]} Nf6 {[%emt 0:02:24]} 21. Rd1 {[%emt 0:11:02]} Qd7 {[%emt 0:01:09]} 22. Nh2 {[%emt 0:02:23]} Rae8 {[%emt 0:00:56]} 23. Nf1 {[%emt 0:00:38]} Bd8 {[%emt 0:00:53]} 24. Ng3 {[%emt 0:00:20]} Bg6 {[%emt 0:00:07]} 25. Rd2 {[%emt 0:02:01]} Qf7 {[%emt 0:00:46]} 26. Qb5 {[%emt 0:04:39]} Qg8 {[%emt 0:01:52]} 27. b4 {[%emt 0:00:54]} axb4 {[%emt 0:00:15]} 28. Qxb4 {[%emt 0:00:11]} Qh7 {[%emt 0:00:25]} 29. Qc4 {[%emt 0:00:56]} Rf7 {[%emt 0:03:41]} 30. a5 {[%emt 0:01:28]} bxa5 {[%emt 0:00:28]} 31. Rxa5 {[%emt 0:00:19]} Ref8 {[%emt 0:08:04]} 32. Ra8 Kg8 {[%emt 0:04:43]} 33. Qa4 {[%emt 0:06:40]} h5 {[%emt 0:03:30]} 34. Bg5 {[%emt 0:04:45]} Nxd5 {[%emt 0:02:09]} 35. Rxd8 {[%emt 0:00:09]} Nxc3 {[%emt 0:00:11]} 36. Rxf8+ {[%emt 0:00:05]} Rxf8 {[%emt 0:00:18]} 37. Qc4+ {[%emt 0:00:05]} 1-0

[Event "WTCC-50 2018"]
[Site "Radebeul"]
[Date "2018.07.10"]
[Round "4"]
[White "Weitzer, Steffen"]
[Black "Rudolf, Matthias"]
[Result "1-0"]
[WhiteElo "2288"]
[BlackElo "2102"]
[Annotator "NA"]
[PlyCount "69"]
[EventDate "2018.07.07"]
[EventType "team-tourn"]
[EventCountry "GER"]
[SourceTitle "playchess.com"]
[Source "ChessBase"]
[SourceQuality "1"]
[TimeControl "40/5400+30:1800+30"]

1. e4 {[%emt 0:00:00]} e6 {[%emt 0:00:00]} 2. d4 {[%emt 0:00:00]} d5 {[%emt 0:00:00]} 3. Nc3 {[%emt 0:00:00]} Nc6 {[%emt 0:00:54]} 4. Nf3 {[%emt 0:03:22]} Nf6 {[%emt 0:00:26]} 5. e5 {[%emt 0:01:09]} Ne4 {[%emt 0:00:19]} 6. Bd3 {[%emt 0:00:59]} Bb4 {[%emt 0:02:52]} 7. O-O {[%emt 0:09:02]} Nxc3 {[%emt 0:00:11]} 8. bxc3 {[%emt 0:00:26]} Bxc3 {[%emt 0:00:10]} 9. Rb1 {[%emt 0:00:29]} Bb4 {[%emt 0:00:41]} 10. Ng5 {[%emt 0:05:43]} Be7 {[%emt 0:05:46]} 11. Qh5 {[%emt 0:07:41]} g6 {[%emt 0:01:09]} 12. Qh6 {[%emt 0:00:30]} Bf8 {[%emt 0:00:55]} 13. Qh3 {[%emt 0:01:07]} h6 {[%emt 0:04:33]} 14. c3 {[%emt 0:05:40]} b6 {[%emt 0:11:20]} 15. Re1 {[%emt 0:07:20]} Be7 {[%emt 0:09:14]} 16. f4 {[%emt 0:12:25]} Bf8 {[%emt 0:17:38]} 17. Kh1 {[%emt 0:02:28]} Qd7 {[%emt 0:05:52]} 18. f5 {[%emt 0:02:52]} gxf5 {[%emt 0:03:45]} 19. Bxf5 {[%emt 0:01:23]} hxg5 {[%emt 0:14:44]} 20. Qxh8 {[%emt 0:03:57]} exf5 {[%emt 0:00:03]} 21. Ba3 {[%emt 0:01:57]} Ne7 {[%emt 0:01:12]} 22. e6 {[%emt 0:00:24]} fxe6 {[%emt 0:02:26]} 23. Qh5+ {[%emt 0:00:20]} Kd8 {[%emt 0:00:08]} 24. Qxg5 {[%emt 0:01:41]} c5 {[%emt 0:05:47]} 25. Qf6 {[%emt 0:06:33]} Qe8 {[%emt 0:05:15]} 26. Re3 {[%emt 0:03:24]} Kc7 {[%emt 0:04:00]} 27. dxc5 {[%emt 0:04:12]} Bd7 {[%emt 0:01:44]} 28. c4 {[%emt 0:04:49]} Qg6 {[%emt 0:01:13]} 29. Qe5+ {[%emt 0:01:09]} Kb7 {[%emt 0:00:24]} 30. cxb6 {[%emt 0:01:25]} axb6 {[%emt 0:00:08]} 31. Rxb6+ {[%emt 0:04:32]} Kxb6 {[%emt 0:01:12]} 32. Rb3+ {[%emt 0:00:09]} Ka6 {[%emt 0:00:49]} 33. Qc7 {[%emt 0:00:43]} e5 {[%emt 0:00:58]} 34. Qb7+ {[%emt 0:00:11]} Ka5 {[%emt 0:00:01]} 35. Rb5+ {[%emt 0:00:35]} 1-0

[Event "WTCC-50 2018"]
[Site "Radebeul"]
[Date "2018.07.10"]
[Round "4"]
[White "Denk, Adolf"]
[Black "Sirotkina, Nina"]
[Result "1/2-1/2"]
[WhiteElo "2262"]
[BlackElo "2175"]
[Annotator "NA"]
[PlyCount "43"]
[EventDate "2018.07.07"]
[EventType "team-tourn"]
[EventCountry "GER"]
[SourceTitle "playchess.com"]
[Source "ChessBase"]
[SourceQuality "1"]
[TimeControl "40/5400+30:1800+30"]

1. d4 {[%emt 0:00:16]} Nf6 {[%emt 0:00:20]} 2. Nf3 {[%emt 0:00:07]} e6 {[%emt 0:01:44]} 3. c4 {[%emt 0:00:12]} Bb4+ {[%emt 0:01:52]} 4. Nbd2 {[%emt 0:00:27]} b6 {[%emt 0:05:33]} 5. a3 {[%emt 0:02:01]} Bxd2+ {[%emt 0:01:03]} 6. Qxd2 {[%emt 0:01:15]} Bb7 {[%emt 0:02:02]} 7. e3 {[%emt 0:00:47]} O-O {[%emt 0:06:44]} 8. Be2 {[%emt 0:01:17]} d6 {[%emt 0:02:05]} 9. O-O {[%emt 0:01:41]} Nbd7 {[%emt 0:01:30]} 10. b3 {[%emt 0:01:00]} Qe7 {[%emt 0:02:32]} 11. Bb2 {[%emt 0:02:13]} a5 {[%emt 0:04:18]} 12. Rad1 {[%emt 0:01:36]} Rfd8 {[%emt 0:03:43]} 13. Qc1 {[%emt 0:03:49]} Ne4 {[%emt 0:15:21]} 14. Ne1 {[%emt 0:02:13]} e5 {[%emt 0:10:56]} 15. f3 {[%emt 0:10:52]} Nef6 {[%emt 0:00:25]} 16. Nc2 {[%emt 0:03:26]} Nf8 {[%emt 0:02:12]} 17. dxe5 {[%emt 0:10:49]} dxe5 {[%emt 0:00:26]} 18. Rxd8 {[%emt 0:00:12]} Rxd8 {[%emt 0:00:12]} 19. Rd1 {[%emt 0:00:02]} Rxd1+ {[%emt 0:04:35]} 20. Qxd1 {[%emt 0:01:32]} N6d7 {[%emt 0:00:36]} 21. Qd2 {[%emt 0:09:54]} Ne6 {[%emt 0:02:06]} 22. b4 {[%emt 0:03:15]} 1/2-1/2

[Event "WTCC-50 2018"]
[Site "Radebeul"]
[Date "2018.07.10"]
[Round "4"]
[White "Schoene, Ralf"]
[Black "Wong, Meng Kong"]
[Result "1/2-1/2"]
[WhiteElo "2256"]
[BlackElo "2248"]
[Annotator "NA"]
[PlyCount "122"]
[EventDate "2018.07.07"]
[EventType "team-tourn"]
[EventCountry "GER"]
[SourceTitle "playchess.com"]
[Source "ChessBase"]
[SourceQuality "1"]
[TimeControl "40/5400+30:1800+30"]

1. d4 {[%emt 0:00:00]} d5 {[%emt 0:00:00]} 2. c4 {[%emt 0:00:00]} e6 {[%emt 0:00:00]} 3. Nc3 {[%emt 0:00:00]} Be7 {[%emt 0:00:00]} 4. Nf3 {[%emt 0:00:00]} Nf6 {[%emt 0:00:00]} 5. Bg5 {[%emt 0:00:15]} O-O {[%emt 0:00:14]} 6. e3 {[%emt 0:00:06]} h6 {[%emt 0:00:17]} 7. Bh4 {[%emt 0:00:08]} b6 {[%emt 0:00:08]} 8. Be2 {[%emt 0:00:20]} Bb7 {[%emt 0:00:23]} 9. Bxf6 {[%emt 0:00:09]} Bxf6 {[%emt 0:00:05]} 10. cxd5 {[%emt 0:00:20]} exd5 {[%emt 0:00:05]} 11. b4 {[%emt 0:00:08]} c6 {[%emt 0:01:56]} 12. O-O {[%emt 0:01:25]} Qd6 {[%emt 0:07:16]} 13. Qb3 {[%emt 0:01:06]} Nd7 {[%emt 0:00:38]} 14. a4 {[%emt 0:05:09] D58: Queen's Gambit Declined: Tartakower Defence} (14. Rfd1 a6 15. a4 a5 16. bxa5 Rxa5 17. g3 Ba6 18. Bxa6 Rxa6 19. Rac1 Be7 20. Qc2 Rc8 21. Kg2 Qe6 22. Rb1 {½-½ (32) Istratescu,A (2589)-Szabo,G (2541) Olanesti 2018}) 14... a5 {[%emt 0:01:14]} 15. b5 {[%emt 0:02:54]} c5 {[%emt 0:00:09]} 16. Rfd1 {[%emt 0:07:57]} Rac8 {[%emt 0:04:16]} 17. Na2 $146 {[%emt 0:12:05]} ({Predecessor:} 17. Rac1 c4 18. Qc2 Rfe8 19. Nd2 Qe6 {1-0 (54) Belc,D-Marin,I (2261) Romania 1992}) 17... Rfe8 {[%emt 0:10:57]} 18. Bf1 {[%emt 0:04:04]} g6 {[%emt 0:09:05]} 19. Rac1 {[%emt 0:01:29]} Bg7 {[%emt 0:03:53]} 20. g3 {[%emt 0:07:33]} c4 {[%emt 0:05:22]} 21. Qc2 {[%emt 0:04:03]} Rc7 {[%emt 0:02:57]} 22. Nc3 {[%emt 0:01:32]} f5 {[%emt 0:03:14]} 23. Bg2 {[%emt 0:01:44]} Nf6 {[%emt 0:01:54]} 24. Ne5 {[%emt 0:01:22]} Ne4 {[%emt 0:00:12]} 25. f4 {[%emt 0:01:32]} h5 {[%emt 0:03:05]} 26. Nxe4 {[%emt 0:02:51]} fxe4 {[%emt 0:00:22]} 27. Bh3 {[%emt 0:03:58]} Bc8 {[%emt 0:01:58]} 28. Bxc8 {[%emt 0:00:24]} Rexc8 {[%emt 0:00:31]} 29. Nc6 {[%emt 0:01:06]} Qa3 {[%emt 0:03:53]} 30. Kf2 {[%emt 0:04:03]} Bf8 {[%emt 0:03:15]} 31. Ra1 {[%emt 0:01:02]} Qd6 {[%emt 0:00:06]} 32. Kg1 {[%emt 0:02:55]} Rxc6 {[%emt 0:01:13]} 33. bxc6 {[%emt 0:00:15]} Qxc6 {[%emt 0:00:06]} 34. Rf1 {[%emt 0:06:48]} Qf6 {[%emt 0:03:01]} 35. Ra2 {[%emt 0:03:14]} Rc7 {[%emt 0:01:35]} 36. Qd1 {[%emt 0:01:16]} Qf5 {[%emt 0:02:00]} 37. Kg2 {[%emt 0:03:44]} Bb4 {[%emt 0:01:46]} 38. h3 {[%emt 0:01:02]} Rh7 {[%emt 0:00:06]} 39. Rh1 {[%emt 0:02:36]} Qf6 {[%emt 0:04:53]} 40. Rf2 {[%emt 0:02:30]} Kf7 {[%emt 0:01:10]} 41. g4 {[%emt 0:31:50]} h4 {[%emt 0:30:06]} 42. Kf1 {[%emt 0:04:49]} Rh8 {[%emt 0:00:37]} 43. Rg1 {[%emt 0:00:46]} Rh7 {[%emt 0:02:37]} 44. g5 {[%emt 0:00:50]} Qf5 {[%emt 0:00:03]} 45. Rg4 {[%emt 0:00:14]} Kg8 {[%emt 0:01:16]} 46. Ra2 {[%emt 0:00:53]} Qd7 {[%emt 0:04:08]} 47. Kg1 {[%emt 0:01:50]} b5 {[%emt 0:02:41]} 48. Kf1 {[%emt 0:05:36]} bxa4 {[%emt 0:02:59]} 49. Qxa4 {[%emt 0:01:16]} Qxa4 {[%emt 0:00:53]} 50. Rxa4 {[%emt 0:00:05]} Rc7 {[%emt 0:00:21]} 51. Ra2 {[%emt 0:02:12]} c3 {[%emt 0:00:08]} 52. Rgg2 {[%emt 0:00:00]} Kf8 {[%emt 0:00:00]} 53. Rgc2 {[%emt 0:00:00]} Ke8 {[%emt 0:00:00]} 54. Ke1 {[%emt 0:00:00]} Kd7 {[%emt 0:00:00]} 55. Kd1 {[%emt 0:00:00]} Kc6 {[%emt 0:00:00]} 56. Rf2 {[%emt 0:00:00]} Rf7 {[%emt 0:00:00]} 57. Kc2 {[%emt 0:00:00]} Kb5 $18 {[%emt 0:00:00]} (57... Kd7 $16 58. f5 Rxf5 59. Rxf5 gxf5) 58. Rf1 {[%emt 0:00:00]} a4 {[%emt 0:00:00]} 59. Rfa1 {[%emt 0:00:00]} Ra7 {[%emt 0:00:00]} 60. Rf1 {[%emt 0:00:00]} Rf7 {[%emt 0:00:00]} 61. Rfa1 {[%emt 0:00:00]} Ra7 {[%emt 0:00:00]} 1/2-1/2

[Event "WTCC-50 2018"]
[Site "Radebeul"]
[Date "2018.07.10"]
[Round "4"]
[White "Kryukova, Irina"]
[Black "Wallner, Joachim"]
[Result "0-1"]
[WhiteElo "2249"]
[BlackElo "2311"]
[Annotator "NA"]
[PlyCount "68"]
[EventDate "2018.07.07"]
[EventType "team-tourn"]
[EventCountry "GER"]
[SourceTitle "playchess.com"]
[Source "ChessBase"]
[SourceQuality "1"]
[TimeControl "40/5400+30:1800+30"]

1. e4 {[%emt 0:00:00]} c5 {[%emt 0:00:52]} 2. Nf3 {[%emt 0:00:00]} e6 {[%emt 0:00:12]} 3. d4 {[%emt 0:01:18]} cxd4 {[%emt 0:00:17]} 4. Nxd4 {[%emt 0:00:08]} Nf6 {[%emt 0:00:55]} 5. Nc3 {[%emt 0:00:32]} d6 {[%emt 0:00:49]} 6. Bc4 {[%emt 0:01:41]} a6 {[%emt 0:01:14]} 7. Bb3 {[%emt 0:00:49]} Nbd7 {[%emt 0:00:40]} 8. O-O {[%emt 0:12:44]} Nc5 {[%emt 0:01:42]} 9. Re1 {[%emt 0:13:14]} Be7 {[%emt 0:00:52]} 10. f4 {[%emt 0:04:50]} O-O {[%emt 0:04:10]} 11. f5 {[%emt 0:12:14]} Nxb3 {[%emt 0:01:00]} 12. axb3 {[%emt 0:00:26]} Qc7 {[%emt 0:07:20]} 13. Qf3 {[%emt 0:05:14]} e5 {[%emt 0:10:14]} 14. Nde2 {[%emt 0:05:09]} b5 {[%emt 0:01:40]} 15. Bg5 {[%emt 0:07:36]} Bb7 {[%emt 0:02:37]} 16. Bxf6 {[%emt 0:05:28]} Bxf6 {[%emt 0:01:12]} 17. b4 {[%emt 0:04:22]} Qc4 {[%emt 0:03:23]} 18. Ng3 {[%emt 0:00:36]} Bd8 {[%emt 0:03:09]} 19. Nh5 {[%emt 0:07:44]} f6 {[%emt 0:00:25]} 20. Kh1 {[%emt 0:08:23]} Qxb4 {[%emt 0:01:12]} 21. Rad1 {[%emt 0:00:24]} Ba5 {[%emt 0:07:56]} 22. Re3 {[%emt 0:05:52]} Qxb2 {[%emt 0:00:22]} 23. Ne2 {[%emt 0:01:22]} Rf7 {[%emt 0:02:12]} 24. Qg4 {[%emt 0:01:15]} Bb4 {[%emt 0:03:42]} 25. Rb3 {[%emt 0:00:32]} Qxc2 {[%emt 0:00:12]} 26. Rbd3 {[%emt 0:00:10]} a5 {[%emt 0:01:35]} 27. Neg3 {[%emt 0:00:43]} a4 {[%emt 0:01:06]} 28. Nf1 {[%emt 0:00:32]} Qc4 {[%emt 0:00:48]} 29. Nhg3 {[%emt 0:00:26]} a3 {[%emt 0:00:55]} 30. Ne3 {[%emt 0:00:02]} Qc8 {[%emt 0:02:15]} 31. Rb3 {[%emt 0:00:10]} a2 {[%emt 0:00:44]} 32. Rxb4 {[%emt 0:00:41]} a1=Q {[%emt 0:00:08]} 33. Rxa1 {[%emt 0:00:06]} Rxa1+ {[%emt 0:00:06]} 34. Nef1 {[%emt 0:00:09]} Qc3 {[%emt 0:01:22]} 0-1